000 00954nam a2200265 a 4500
001 000039167
005 20240417185634.0
008 130606s2013 dr r 000 0 spa d
020 _a9789945416459
040 _aDO-SdBNP
_bspa
_cBNPHU
082 _a341.37
_bR175c
100 1 _aRamos, Omar
_965367
245 1 3 _aEl control a posteriori de los tratados internacionales /
_cOmar Ramos.
260 _aSanto Domingo :
_bArtes Gráficas,
_c2013.
300 _a322 p. ;
_c24 cm.
500 _aIncluye datos biográficos del autor en las solapas
504 _aIncluye referencias bibliográficas y notas al pie de páginas.
504 _aBibliografía : p.167-184.
590 _aInventariado, 2018/BT
651 4 _aTratados Internacionales
_965368
650 4 _aNegociaciones comerciales
_99612
650 0 _aDerecho comparado
_929704
651 4 _aRepública Dominicana
_xTratados Internacionales
_99650
910 _aValidado. Control de calidad. EMS
999 _c38657
_d38657